[Event "IECG TE.2003.S.01303 email"]
[Site "IECG email"]
[Date "2003.11.11"]
[Round "1"]
[White "Cervinka, Rudolf"]
[Black "Parry, Andrew"]
[Result "1-0"]
[WhiteElo "1711"]
[BlackElo "1240"]
[PlyCount "83"]
[EventDate "2005.01.21"]
[EventType "tourn (corr)"]
[EventRounds "12"]
[SourceTitle "Corr 2024"]
[Source "ChessBase"]
[SourceDate "2023.10.19"]
[SourceVersion "1"]
[SourceVersionDate "2023.10.19"]
[SourceQuality "1"]

1. e4 c5 2. Nf3 Nc6 3. d4 cxd4 4. Nxd4 Nf6 5. Nc3 e6 6. Nxc6 bxc6 7. e5 Nd5 8. Ne4 Qc7 9. f4 Qb6 10. Qe2 a5 11. a3 f5 12. exf6 Nxf6 13. Nxf6+ gxf6 14. f5 Bc5 15. fxe6 dxe6 16. Qh5+ Ke7 17. Qf3 Bd7 18. Bc4 Raf8 19. Rf1 a4 20. Bd2 Bd4 21. Bc3 e5 22. 0-0-0 c5 23. Kb1 h5 24. Qg3 Bg4 25. Rd2 Rd8 26. h3 Bxc3 27. Qxc3 Rxd2 28. Qxd2 Rb8 29. c3 Be6 30. Bxe6 Kxe6 31. Qc2 c4 32. g4 hxg4 33. hxg4 Kd5 34. Qd2+ Kc5 35. g5 Rd8 36. Qf2+ Kb5 37. Qxb6+ Kxb6 38. g6 Kc5 39. Rxf6 Rg8 40. Kc2 e4 41. Kd2 Rg7 42. Ke3 1-0

[Event "IECG TE.2003.P.01307 email"]
[Site "IECG email"]
[Date "2003.11.11"]
[Round "2"]
[White "Cervinka, Rudolf"]
[Black "Taffijn, Aad"]
[Result "1-0"]
[WhiteElo "1700"]
[BlackElo "1905"]
[PlyCount "62"]
[EventDate "2003.11.11"]
[EventType "tourn (corr)"]
[EventRounds "12"]
[SourceTitle "Corr 2024"]
[Source "ChessBase"]
[SourceDate "2023.10.19"]
[SourceVersion "1"]
[SourceVersionDate "2023.10.19"]
[SourceQuality "1"]

1. e4 c5 2. Nf3 Nc6 3. d4 cxd4 4. Nxd4 Nf6 5. Nc3 e6 6. Nxc6 dxc6 7. e5 Nd5 8. Ne4 Qc7 9. f4 Qb6 10. c4 Bb4+ 11. Ke2 f5 12. exf6 Nxf6 13. Be3 Qa5 14. Nxf6+ gxf6 15. a3 Qh5+ 16. Kf2 Qxd1 17. Rxd1 Be7 18. Rd2 e5 19. Bd3 Bd7 20. Re1 b6 21. fxe5 fxe5 22. Bh6 Bh4+ 23. g3 Bf6 24. Bf4 0-0 25. Bxh7+ Kxh7 26. Rxd7+ Kg6 27. Bc1 Rad8 28. Rxd8 Rxd8 29. b3 Rd3 30. Re3 Rd1 31. Bb2 Rd2+ 1-0

[Event "IECG TE.2003.P.01307 email"]
[Site "IECG email"]
[Date "2003.11.11"]
[Round "1"]
[White "Eacker, Barry"]
[Black "Cervinka, Rudolf"]
[Result "1/2-1/2"]
[WhiteElo "1600"]
[BlackElo "1700"]
[PlyCount "117"]
[EventDate "2003.11.11"]
[EventType "tourn (corr)"]
[EventRounds "12"]
[SourceTitle "Corr 2024"]
[Source "ChessBase"]
[SourceDate "2023.10.19"]
[SourceVersion "1"]
[SourceVersionDate "2023.10.19"]
[SourceQuality "1"]

1. e4 c5 2. Nf3 Nc6 3. d4 cxd4 4. Nxd4 Nf6 5. Nc3 e6 6. Nxc6 bxc6 7. e5 Nd5 8. Ne4 Qc7 9. f4 Qb6 10. c4 Bb4+ 11. Ke2 f5 12. Nf2 Ba6 13. Kf3 Ne7 14. Be3 Bc5 15. Bxc5 Qxc5 16. Qd6 Qxd6 17. exd6 Ng6 18. b3 Kf7 19. Nd3 Rae8 20. Nc5 Bc8 21. Bd3 Kf6 22. g4 Nh4+ 23. Kg3 g5 24. Rhf1 h5 25. fxg5+ Kxg5 26. gxf5 Nxf5+ 27. Bxf5 h4+ 28. Kh3 exf5 29. Rae1 f4 30. Rg1+ Kf5 31. Rxe8 Rxe8 32. Rg7 Kf6 33. Rh7 Re5 34. b4 a5 35. a3 Re3+ 36. Kxh4 Ke5 37. Rh8 Rxa3 38. Rxc8 axb4 39. Nxd7+ Kxd6 40. Nb8 c5 41. Rc6+ Ke5 42. Rxc5+ Kd4 43. Rc7 b3 44. c5 Kc3 45. c6 b2 46. Rb7 Kc2 47. c7 Rc3 48. Na6 b1Q 49. Rxb1 Kxb1 50. Kg4 f3 51. Kg3 Kc1 52. h4 Kd2 53. Kf2 Kd3 54. Kxf3 Kc4+ 55. Kg4 Kb5 56. h5 Kxa6 57. h6 Rxc7 58. Kg5 Kb6 59. Kg6 1/2-1/2

[Event "IECG TE.2003.P.01307 email"]
[Site "IECG email"]
[Date "2003.11.11"]
[Round "2"]
[White "Soggioro, Luca"]
[Black "Cervinka, Rudolf"]
[Result "0-1"]
[WhiteElo "944"]
[BlackElo "1700"]
[PlyCount "144"]
[EventDate "2003.11.11"]
[EventType "tourn (corr)"]
[EventRounds "12"]
[SourceTitle "Corr 2024"]
[Source "ChessBase"]
[SourceDate "2023.10.19"]
[SourceVersion "1"]
[SourceVersionDate "2023.10.19"]
[SourceQuality "1"]

1. e4 c5 2. Nf3 Nc6 3. d4 cxd4 4. Nxd4 Nf6 5. Nc3 e6 6. Be3 Bb4 7. Bd3 d5 8. exd5 Nxd5 9. Nxc6 bxc6 10. Qg4 0-0 11. Bd2 Bxc3 12. bxc3 e5 13. Qa4 Qc7 14. 0-0 Rb8 15. c4 Nb6 16. Ba5 c5 17. Qb3 Rd8 18. Rab1 Be6 19. Qa3 Qd6 20. Rfe1 f6 21. h3 Rd7 22. Bxb6 axb6 23. Qa6 Qc7 24. Qb5 Rd6 25. Rbd1 Rbd8 26. Qb3 Kh8 27. a4 Rd4 28. Ra1 h6 29. Qb5 Bd7 30. Qb3 Be8 31. Rab1 R4d6 32. Be4 Qa7 33. Ra1 Bf7 34. Bd3 Qa5 35. Reb1 Be6 36. Re1 Bg8 37. Rab1 Bf7 38. Ra1 Be6 39. Bg6 Rd4 40. Bd3 Qa6 41. Qb5 Ra8 42. Qc6 Bxc4 43. Reb1 Bxd3 44. Rxb6 Qc8 45. cxd3 Rxd3 46. a5 c4 47. Qe4 Rd4 48. Qc2 Qc7 49. Rb5 Rad8 50. a6 Rd2 51. Qf5 e4 52. Qg4 f5 53. Rxf5 c3 54. a7 c2 55. a8Q c1Q+ 56. Rxc1 Qxc1+ 57. Kh2 Qc7+ 58. Kg1 Rxa8 59. Qf4 Qxf4 60. Rxf4 Ra1+ 61. Kh2 Re1 62. h4 Ree2 63. Kg1 e3 64. fxe3 Rxg2+ 65. Kf1 Rh2 66. Kg1 Rhe2 67. Kf1 Rxe3 68. Rc4 Kh7 69. Rf4 Ra3 70. Kg1 Ra1+ 71. Rf1 Rxf1+ 72. Kxf1 Rh2 0-1

[Event "IECG TE.2003.P.01307 email"]
[Site "IECG email"]
[Date "2003.11.11"]
[Round "1"]
[White "Taffijn, Aad"]
[Black "Cervinka, Rudolf"]
[Result "0-1"]
[WhiteElo "1905"]
[BlackElo "1700"]
[PlyCount "63"]
[EventDate "2003.11.11"]
[EventType "tourn (corr)"]
[EventRounds "12"]
[SourceTitle "Corr 2024"]
[Source "ChessBase"]
[SourceDate "2023.10.19"]
[SourceVersion "1"]
[SourceVersionDate "2023.10.19"]
[SourceQuality "1"]

1. e4 c5 2. Nf3 Nc6 3. d4 cxd4 4. Nxd4 Nf6 5. Nc3 e6 6. Nxc6 bxc6 7. e5 Nd5 8. Ne4 Qc7 9. f4 Qb6 10. c4 Bb4+ 11. Ke2 f5 12. Nf2 Ba6 13. Kf3 Ne7 14. Be3 Qb7 15. h4 Rd8 16. a3 Ba5 17. b4 Bc7 18. Bc5 Nc8 19. Qe2 Bb6 20. Qc2 Rg8 21. Bd3 Ne7 22. Bxe7 Kxe7 23. c5 Bxd3 24. Qxd3 Bc7 25. g4 Qb5 26. Qxb5 cxb5 27. a4 fxg4+ 28. Kxg4 Ra8 29. axb5 Rgb8 30. Nd3 Rxb5 31. Ra6 Rb7 32. Rha1 0-1

[Event "IECG CP.2003.P.00021 email"]
[Site "IECG email"]
[Date "2003.10.01"]
[Round "?"]
[White "Cervinka, Rudolf"]
[Black "Kleine, Joachim"]
[Result "1/2-1/2"]
[WhiteElo "1703"]
[BlackElo "1633"]
[PlyCount "104"]
[EventDate "2003.10.01"]
[EventType "tourn (corr)"]
[EventRounds "6"]
[EventCountry "GER"]
[SourceTitle "Corr 2008"]
[Source "ChessBase"]
[SourceDate "2008.06.24"]
[SourceVersion "1"]
[SourceVersionDate "2008.06.24"]
[SourceQuality "1"]

1. e4 e5 2. Nf3 Nc6 3. Bb5 a6 4. Ba4 Nf6 5. 0-0 Be7 6. Re1 b5 7. Bb3 d6 8. c3 0-0 9. d4 Bg4 10. d5 Na5 11. Bc2 Qc8 12. h3 Bh5 13. Qe2 c6 14. dxc6 Nxc6 15. Rd1 b4 16. Bg5 bxc3 17. bxc3 Rb8 18. Na3 Na5 19. Qe3 Qc7 20. Bxf6 Bxf6 21. Rab1 Be7 22. Rd5 f6 23. Rxb8 Rxb8 24. c4 Bf7 25. Rd1 Nxc4 26. Nxc4 Bxc4 27. Rc1 Qd7 28. Bb3 Bxb3 29. axb3 Rb5 30. Qe2 d5 31. exd5 Qxd5 32. Nd2 Bf8 33. Rc3 Rc5 34. Nc4 Qb7 35. Rd3 Rd5 36. Qf3 Rd7 37. Rxd7 Qxd7 38. Qa8 Qd1+ 39. Kh2 Qxb3 40. Qxa6 Kf7 41. Qc8 Qb4 42. Qc6 Qc5 43. Qb7+ Qe7 44. Qe4 g6 45. g4 Qd7 46. Kg2 Bh6 47. Nb6 Qe6 48. Qb7+ Qe7 49. Qd5+ Kg7 50. Nc8 Qf7 51. Qd8 Qb7+ 52. Kg1 Bg5 1/2-1/2

[Event "IECG TE.2001.S.00603 email"]
[Site "IECG email"]
[Date "2002.12.15"]
[Round "?"]
[White "Jaumandreu Llopis, Antonio"]
[Black "Cervinka, Rudolf"]
[Result "1-0"]
[WhiteElo "2113"]
[BlackElo "1701"]
[PlyCount "101"]
[EventDate "2002.12.15"]
[EventType "tourn (corr)"]
[EventRounds "8"]
[SourceTitle "Corr 2008"]
[Source "ChessBase"]
[SourceDate "2008.06.24"]
[SourceVersion "1"]
[SourceVersionDate "2008.06.24"]
[SourceQuality "1"]

1. e4 c5 2. d4 cxd4 3. c3 dxc3 4. Nxc3 Nc6 5. Nf3 d6 6. Bc4 e6 7. 0-0 Nf6 8. Qe2 Be7 9. Rd1 e5 10. h3 0-0 11. Be3 Be6 12. Rac1 Rc8 13. Bxe6 fxe6 14. Rd2 Qa5 15. Qd1 Rfd8 16. a3 Qc7 17. b4 a6 18. Qb3 Qd7 19. Rcd1 b5 20. Ng5 Nd4 21. Bxd4 exd4 22. Rxd4 Ne8 23. Nf3 Nc7 24. Ne2 Qe8 25. Nf4 Qf7 26. e5 d5 27. Ne2 Na8 28. Rf4 Qh5 29. Qe3 Rd7 30. Rg4 Qf7 31. Nfd4 Re8 32. Nf4 Nc7 33. Rc1 Bd8 34. Rc6 Kh8 35. Nd3 Be7 36. Qc1 h5 37. Rg3 Bh4 38. Rf3 Qe7 39. Nc5 Rdd8 40. Nb7 Rd7 41. Rd6 Na8 42. Rxe6 Rc7 43. Qf4 Rxb7 44. Rxe7 Bxe7 45. Qf7 Rf8 46. Qxd5 Rfb8 47. Rf5 g6 48. Rf7 Rc7 49. e6 Bf6 50. Rxf6 Rg7 51. Qe5 1-0

[Event "IECG CP.2002.P.00030 email"]
[Site "IECG email"]
[Date "2002.10.01"]
[Round "?"]
[White "Dorer, Manfred"]
[Black "Cervinka, Rudolf"]
[Result "1-0"]
[WhiteElo "2280"]
[BlackElo "1696"]
[PlyCount "73"]
[EventDate "2002.10.01"]
[EventType "tourn (corr)"]
[EventRounds "6"]
[EventCountry "GER"]
[SourceTitle "Corr 2008"]
[Source "ChessBase"]
[SourceDate "2008.06.24"]
[SourceVersion "1"]
[SourceVersionDate "2008.06.24"]
[SourceQuality "1"]

1. e4 c6 2. d4 d5 3. Nc3 dxe4 4. Nxe4 Bf5 5. Ng3 Bg6 6. h4 h6 7. Nf3 Nd7 8. h5 Bh7 9. Bd3 Bxd3 10. Qxd3 Qc7 11. Bd2 e6 12. 0-0-0 Ngf6 13. Ne4 0-0-0 14. g3 Be7 15. Kb1 Qb6 16. c4 Qa6 17. Nxf6 Bxf6 18. Qe2 Rhe8 19. Ne5 Nb6 20. b3 Rxd4 21. Bc3 Rxd1+ 22. Rxd1 Nd5 23. Bb2 Bxe5 24. Qxe5 f6 25. Qd6 Nb6 26. Bc3 Nd5 27. cxd5 exd5 28. Qc5 Kd7 29. Qb4 Re7 30. Bb2 Re6 31. Rd2 Re1+ 32. Kc2 Re7 33. Ba3 Rf7 34. Kb2 Qb6 35. Qd6+ Kc8 36. Re2 Qd8 37. Re7 1-0

[Event "IECG CP.2002.P.00030 email"]
[Site "IECG email"]
[Date "2002.10.01"]
[Round "?"]
[White "Heys, William Scott"]
[Black "Cervinka, Rudolf"]
[Result "1/2-1/2"]
[WhiteElo "1529"]
[BlackElo "1696"]
[PlyCount "114"]
[EventDate "2002.10.01"]
[EventType "tourn (corr)"]
[EventRounds "6"]
[EventCountry "GER"]
[SourceTitle "Corr 2008"]
[Source "ChessBase"]
[SourceDate "2008.06.24"]
[SourceVersion "1"]
[SourceVersionDate "2008.06.24"]
[SourceQuality "1"]

1. d4 Nf6 2. c4 g6 3. g3 Bg7 4. Bg2 0-0 5. Nc3 d6 6. Nf3 Nbd7 7. 0-0 e5 8. e4 exd4 9. Nxd4 Re8 10. f3 a6 11. Be3 Ne5 12. Qe2 c6 13. Rfd1 Qc7 14. Rac1 Qe7 15. h3 c5 16. Nc2 Be6 17. b3 Rad8 18. f4 Nc6 19. Rd3 Nb4 20. Nxb4 cxb4 21. Nd5 Bxd5 22. exd5 Nd7 23. Kf2 Nc5 24. Rd2 Bc3 25. Rdc2 Bd4 26. Bxd4 Qxe2+ 27. Rxe2 Nd3+ 28. Kf1 Nxc1 29. Rd2 Rd7 30. Bf6 b5 31. Kf2 bxc4 32. bxc4 b3 33. a3 Rc7 34. Bf1 a5 35. Bb2 Na2 36. Re2 Rce7 37. Rxe7 Rxe7 38. Bd3 h5 39. Bb1 f5 40. h4 a4 41. Bd3 Kf8 42. Bb1 Ke8 43. Bd3 Kf7 44. Bb1 Kf8 45. Bd3 Re8 46. Bb1 Ra8 47. Bd3 Kf7 48. Ke3 Re8+ 49. Kd2 Ra8 50. Bd4 Ke8 51. Kd1 Kd7 52. Kd2 Kc7 53. Kd1 Rg8 54. Kd2 Kb7 55. Kd1 Rc8 56. Kd2 Re8 57. Bb2 Kc7 1/2-1/2

[Event "IECG CP.2001.Q.00002 email"]
[Site "IECG email"]
[Date "2002.10.01"]
[Round "?"]
[White "Lehnberger, Karl"]
[Black "Cervinka, Rudolf"]
[Result "0-1"]
[WhiteElo "1722"]
[BlackElo "1696"]
[PlyCount "54"]
[EventDate "2002.10.01"]
[EventType "tourn (corr)"]
[EventRounds "6"]
[EventCountry "USA"]
[SourceTitle "Corr 2008"]
[Source "ChessBase"]
[SourceDate "2008.06.24"]
[SourceVersion "1"]
[SourceVersionDate "2008.06.24"]
[SourceQuality "1"]

1. e4 c6 2. d4 d5 3. Nd2 dxe4 4. Nxe4 Bf5 5. Ng3 Bg6 6. h4 h6 7. Nf3 Nd7 8. h5 Bh7 9. Bd3 Bxd3 10. Qxd3 e6 11. Bd2 Qc7 12. c4 Ngf6 13. Bc3 Be7 14. Ne5 0-0 15. f4 c5 16. 0-0-0 cxd4 17. Qxd4 Rad8 18. Qf2 Nxe5 19. fxe5 Ng4 20. Qe2 Ne3 21. Rxd8 Rxd8 22. Kb1 Nxc4 23. Re1 Na3+ 24. Ka1 Bh4 25. Rc1 Bxg3 26. bxa3 Bf4 27. Rc2 Rd2 0-1

[Event "IECG TE.1999.F.00201 email"]
[Site "IECG email"]
[Date "2001.03.23"]
[Round "?"]
[White "Cervinka, Rudolf"]
[Black "Alvebring, Martin"]
[Result "0-1"]
[WhiteElo "1622"]
[BlackElo "2170"]
[PlyCount "76"]
[EventDate "2001.03.23"]
[EventType "tourn (corr)"]
[EventRounds "14"]
[SourceTitle "Corr 2008"]
[Source "ChessBase"]
[SourceDate "2008.06.24"]
[SourceVersion "1"]
[SourceVersionDate "2008.06.24"]
[SourceQuality "1"]

1. c4 e5 2. Nc3 Nf6 3. Nf3 Nc6 4. g3 Bc5 5. Bg2 d6 6. 0-0 0-0 7. e3 Re8 8. d4 Bb6 9. h3 h6 10. a3 a5 11. d5 Ne7 12. e4 Bd7 13. Kh2 a4 14. Nh4 Bd4 15. f4 c5 16. Ne2 exf4 17. gxf4 Nc8 18. Nxd4 cxd4 19. Nf3 Nxe4 20. Nxd4 Nb6 21. Qd3 Nc5 22. Qc3 Qf6 23. Nb5 Qxc3 24. bxc3 Bxb5 25. cxb5 Re2 26. Kg3 Nb3 27. Rb1 Rc8 28. Bb2 Nc4 29. Rf2 Re3+ 30. Kh2 Nc5 31. Rc2 Nd3 32. Bc1 Re1 33. h4 Rce8 34. Rb4 Na5 35. Rxa4 Nb3 36. Ra7 Nbxc1 37. Rxb7 Ne2 38. a4 Nexf4 0-1

[Event "IECG TE.1999.F.00201 email"]
[Site "IECG email"]
[Date "2001.03.23"]
[Round "?"]
[White "Cervinka, Rudolf"]
[Black "Loeschnauer, Ruediger"]
[Result "0-1"]
[WhiteElo "1622"]
[BlackElo "2142"]
[PlyCount "112"]
[EventDate "2001.03.23"]
[EventType "tourn (corr)"]
[EventRounds "14"]
[SourceTitle "Corr 2008"]
[Source "ChessBase"]
[SourceDate "2008.06.24"]
[SourceVersion "1"]
[SourceVersionDate "2008.06.24"]
[SourceQuality "1"]

1. c4 e5 2. Nc3 Nf6 3. Nf3 Nc6 4. g3 Bc5 5. Bg2 d6 6. d3 a6 7. 0-0 0-0 8. a3 h6 9. b4 Ba7 10. Bb2 Be6 11. Nd2 d5 12. cxd5 Nxd5 13. Rc1 Nxc3 14. Bxc3 Bd5 15. Nf3 Qd6 16. Qc2 Rfe8 17. Qb2 Nd4 18. Nh4 Bxg2 19. Nxg2 Rad8 20. a4 e4 21. dxe4 Rxe4 22. Ne3 Qd7 23. Rfd1 Qxa4 24. Rd3 Rd6 25. Rf1 Qd7 26. Rfd1 Rxe3 27. fxe3 Nf5 28. Rxd6 Bxe3+ 29. Kg2 cxd6 30. Qb3 Nh4+ 31. Kh1 Bd4 32. Qc4 Qh3 33. gxh4 Bxc3 34. Rc1 Bd2 35. Qc8+ Qxc8 36. Rxc8+ Kh7 37. Rc4 d5 38. Rd4 Bc3 39. Rxd5 Bxb4 40. Rd7 b5 41. Rxf7 Bc3 42. Rb7 b4 43. Ra7 Kg6 44. Rxa6+ Kf5 45. Kg2 b3 46. Rb6 b2 47. Kf3 Ke5 48. e4 Kd4 49. Rd6+ Kc4 50. Rd1 Bd2 51. Rb1 Kc3 52. Ke2 Bc1 53. Kd1 Kd4 54. Rxc1 bxc1Q+ 55. Kxc1 Kxe4 56. Kd2 Kf3 0-1

[Event "IECG CP.2000.P.00071"]
[Site "IECG email"]
[Date "2000.10.01"]
[Round "?"]
[White "Cervinka, Rudolf"]
[Black "Valverde Toresano, Andres"]
[Result "1/2-1/2"]
[WhiteElo "1653"]
[BlackElo "2247"]
[PlyCount "66"]
[EventDate "2000.10.01"]
[EventType "tourn (corr)"]
[EventRounds "6"]
[EventCountry "ESP"]
[SourceTitle "Corr 2008"]
[Source "ChessBase"]
[SourceDate "2008.06.24"]
[SourceVersion "1"]
[SourceVersionDate "2008.06.24"]
[SourceQuality "1"]

1. e4 Nf6 2. e5 Nd5 3. d4 d6 4. c4 Nb6 5. Nf3 g6 6. exd6 cxd6 7. Be2 Bg7 8. 0-0 0-0 9. Re1 Nc6 10. d5 Ne5 11. Nxe5 Bxe5 12. a4 a5 13. Nc3 Nd7 14. Nb5 Nc5 15. Ra2 Bg7 16. b3 Bd7 17. Bf3 Bxb5 18. axb5 Qc7 19. Be3 Rfe8 20. Qc2 Rac8 21. Bg4 Ra8 22. Re2 b6 23. Re1 Bf6 24. h3 Bg7 25. Ra3 h6 26. Bf4 h5 27. Bf3 Rac8 28. Qd2 Qd7 29. Bg5 e5 30. Bd1 f6 31. Be3 f5 32. Bc2 e4 33. Bg5 Bb2 1/2-1/2

[Event "IECG TE.2000.P.00406 email"]
[Site "IECG email"]
[Date "2000.07.15"]
[Round "?"]
[White "Krensing, Jan"]
[Black "Cervinka, Rudolf"]
[Result "1-0"]
[WhiteElo "1887"]
[BlackElo "1653"]
[PlyCount "63"]
[EventDate "2000.07.15"]
[EventType "tourn (corr)"]
[EventRounds "8"]
[SourceTitle "Corr 2008"]
[Source "ChessBase"]
[SourceDate "2008.06.24"]
[SourceVersion "1"]
[SourceVersionDate "2008.06.24"]
[SourceQuality "1"]

1. e4 e5 2. Nf3 Nc6 3. Bc4 Nf6 4. Ng5 Bc5 5. Bxf7+ Ke7 6. Bd5 Qe8 7. d3 d6 8. Bxc6 bxc6 9. Be3 Bxe3 10. fxe3 Rb8 11. b3 Ng4 12. Qd2 Qg6 13. Nf3 Qh6 14. Ke2 Rf8 15. Nc3 Nf6 16. Raf1 Bb7 17. Rhg1 Kd8 18. h3 g5 19. Nh2 Bc8 20. Ke1 Qh4+ 21. Qf2 Qh5 22. Ne2 h6 23. Ng3 Qg6 24. Ng4 Bxg4 25. hxg4 Kd7 26. Qe2 Rbe8 27. Rf5 c5 28. Rgf1 c6 29. Qf3 Re6 30. Nh5 Ke7 31. Kd1 Rf7 32. Qf2 1-0

[Event "IECG TE.1999.P.00205 email"]
[Site "IECG email"]
[Date "1999.12.10"]
[Round "?"]
[White "Cervinka, Rudolf"]
[Black "Schiller, Wilfried"]
[Result "0-1"]
[WhiteElo "1414"]
[BlackElo "2262"]
[PlyCount "76"]
[EventDate "1999.12.10"]
[EventType "tourn (corr)"]
[EventRounds "12"]
[SourceTitle "Corr 2008"]
[Source "ChessBase"]
[SourceDate "2008.06.24"]
[SourceVersion "1"]
[SourceVersionDate "2008.06.24"]
[SourceQuality "1"]

1. c4 e5 2. Nc3 Nf6 3. Nf3 Nc6 4. g3 Bc5 5. Bg2 0-0 6. 0-0 Re8 7. d3 d6 8. a3 Bg4 9. b4 Bb6 10. Bb2 Qd7 11. Re1 Bh3 12. Bh1 h6 13. Qc2 a5 14. b5 Ne7 15. Nd2 Rab8 16. Nb3 Qf5 17. e4 Qg5 18. Na4 Ba7 19. Nxa5 Ng4 20. Re2 Ng6 21. Nc3 Nf4 22. Rd2 Qh5 23. Bf3 Bg2 24. Bxg4 Qxg4 25. Nd5 Bf3 26. Ne3 Nh3+ 27. Kf1 Bxe3 28. fxe3 Qg5 29. Bc1 Re6 30. Rg2 Bxg2+ 31. Qxg2 Rf6+ 32. Ke1 Nf2 33. Kd2 Ng4 34. Qg1 Rf2+ 35. Kc3 Qf6 36. Nb3 Rxh2 37. Qd1 Nf2 38. Qg1 Qf3 0-1

[Event "IECG CP.1999.P.00045"]
[Site "IECG email"]
[Date "1999.10.01"]
[Round "?"]
[White "Cervinka, Rudolf"]
[Black "Oorebeek, Erwin"]
[Result "1/2-1/2"]
[WhiteElo "1414"]
[BlackElo "2031"]
[PlyCount "53"]
[EventDate "1999.10.01"]
[EventType "tourn (corr)"]
[EventRounds "6"]
[EventCountry "GER"]
[SourceTitle "Corr 2008"]
[Source "ChessBase"]
[SourceDate "2008.06.24"]
[SourceVersion "1"]
[SourceVersionDate "2008.06.24"]
[SourceQuality "1"]

1. e4 e6 2. d4 d5 3. Nd2 Nf6 4. e5 Ne4 5. Nxe4 dxe4 6. Bc4 a6 7. Be3 c5 8. c3 b5 9. Bb3 cxd4 10. Qxd4 Qc7 11. Bc2 Nc6 12. Qb6 Qxb6 13. Bxb6 Rb8 14. Bc7 Rb7 15. Bd6 Bxd6 16. exd6 f5 17. f3 e3 18. Rd1 Ne5 19. Ke2 f4 20. Nh3 g5 21. g3 Rg7 22. gxf4 gxf4 23. Rhg1 Rxg1 24. Rxg1 Rf8 25. Rg7 Nc4 26. Re7+ Kd8 27. Ng5 1/2-1/2